|
|
|
|
| LEADER |
01414nam a2200349 i 4500 |
| 001 |
29868 |
| 003 |
BD-DhAAL |
| 005 |
20150902125402.0 |
| 008 |
150902r19771976enk b 001 0 eng |
| 010 |
|
|
|a 76004234
|
| 020 |
|
|
|a 0521212812
|a 052129083X
|
| 020 |
|
|
|a 9780521212816 Hardback
|a 9780521290838 Paperback
|
| 040 |
|
|
|a DLC
|c DLC
|d DLC
|d BD-DhAAL
|
| 050 |
0 |
0 |
|a HM291
|b .O58 1976
|
| 082 |
0 |
0 |
|a 301.62
|
| 100 |
1 |
|
|a Ollman, Bertell.
|9 13382
|
| 245 |
1 |
0 |
|a Alienation :
|b Marx's conception of man in capitalist society /
|c Bertell Ollman.
|
| 250 |
|
|
|a 2d ed.
|
| 260 |
|
|
|a Cambridge ;
|a New York :
|b Cambridge University Press,
|c 1976 [reprinted 1977]
|
| 300 |
|
|
|a xviii, 339 p. ;
|c 22 cm.
|
| 490 |
0 |
|
|a Cambridge studies in the history and theory of politics
|
| 500 |
|
|
|a Includes index.
|
| 504 |
|
|
|a Bibliography: p. 320-324.
|
| 541 |
|
|
|e 29868
|
| 600 |
1 |
0 |
|a Marx, Karl,
|d 1818-1883.
|9 14360
|
| 650 |
|
0 |
|a Alienation (Social psychology)
|9 14361
|
| 650 |
|
0 |
|a Communism and society.
|9 14362
|
| 856 |
4 |
2 |
|3 Publisher description
|u http://www.loc.gov/catdir/description/cam032/76004234.html
|
| 856 |
4 |
1 |
|3 Table of contents
|u http://www.loc.gov/catdir/toc/cam031/76004234.html
|
| 942 |
|
|
|2 ddc
|c BK
|
| 999 |
|
|
|c 35413
|d 35413
|
| 952 |
|
|
|0 0
|1 0
|2 ddc
|4 0
|6 301_620000000000000_OLL
|7 0
|9 55691
|a BRACUL
|b BRACUL
|c GEN
|d 2015-09-02
|e Riza Enterprise
|g 9500.00
|l 1
|m 6
|o 301.62 OLL
|p 3010029868
|r 2023-06-12
|s 2023-04-05
|t 1
|w 2015-09-02
|y BK
|